Management / (Record no. 4292)

MARC details
000 -LEADER
fixed length control field 00618nam a2200205 ar4500
001 - CONTROL NUMBER
control field 4294
005 - DATE AND TIME OF LATEST TRANSACTION
control field 20221127090915.0
008 - FIXED-LENGTH DATA ELEMENTS--GENERAL INFORMATION
fixed length control field 150805s xxka 00110 eng d
020 ## - INTERNATIONAL STANDARD BOOK NUMBER
Terms of availability 9781408255667(pbk)
082 04 - DEWEY DECIMAL CLASSIFICATION NUMBER
Classification number 658
Item number M312 2011
245 00 - TITLE STATEMENT
Title Management /
Statement of responsibility, etc. Stephen P. Robbins ... [et al.].
250 ## - EDITION STATEMENT
Edition statement Arab World edition.
260 ## - PUBLICATION, DISTRIBUTION, ETC.
Place of publication, distribution, etc. Harlow, England :
Name of publisher, distributor, etc. Pearson,
Date of publication, distribution, etc. 2011.
300 ## - PHYSICAL DESCRIPTION
Extent xx, 540 p. :
Other physical details col. ill. ;
Dimensions 28 cm.
500 ## - GENERAL NOTE
General note Student access code inside at the back.
504 ## - BIBLIOGRAPHY, ETC. NOTE
Bibliography, etc. note Includes bibl. references and index..
650 #4 - SUBJECT ADDED ENTRY--TOPICAL TERM
Topical term or geographic name entry element Business.
650 #4 - SUBJECT ADDED ENTRY--TOPICAL TERM
Topical term or geographic name entry element Management.
700 0# - ADDED ENTRY--PERSONAL NAME
Personal name Robbins, Stephen P.
Holdings
Withdrawn status Lost status Source of classification or shelving scheme Damaged status Not for loan Home library Current library Date acquired Total Checkouts Full call number Barcode Date last seen Copy number Price effective from Koha item type
              11/27/2022   658 M312 2011 10000000013783 11/27/2022 C1 11/27/2022 Book
              11/27/2022   658 M312 2011 10000000013782 11/27/2022 C2 11/27/2022 CD